| 000 | 00765nam a22002177a 4500 | ||
|---|---|---|---|
| 005 | 20220428121733.0 | ||
| 008 | 220428b mx ||||| |||| 00| 0 spa d | ||
| 020 | _a9786075690285 | ||
| 050 |
_aDS33.1 _bF73 2020 |
||
| 100 | 1 | _aFrankopan, Peter | |
| 240 | 1 | 4 |
_aThe Silk Roads. _lEspañol |
| 245 | 1 | 4 |
_aLas Rutas de la seda : _buna nueva historia universal / _cPeter Frankopan ; traducción castellana de Luis Noriega |
| 250 | _aPrimera edición | ||
| 260 |
_aMéxico : _bCrítica, _c2020 |
||
| 300 |
_a774 p. : _bilustraciones a color, _c24 cm. |
||
| 650 | 7 |
_2lemb _aRuta de la seda _xHistoria |
|
| 650 | 7 |
_2lemb _aRutas comerciales _xHistoria |
|
| 651 | 7 |
_2lemb _aAsia _xAspectos estratégicos |
|
| 700 | 1 |
_aNoriega, Luis, _etraductor |
|
| 942 |
_2lcc _cLIB |
||
| 999 |
_c161735 _d161733 |
||